Gender Equal Countries - Statistics

General Stats
  • This quiz has been taken 193 times
    128 since last reset
  • The average score is 13 of 20
Answer Stats
Score (2014) Country % Correct
0.8374 Norway
92%
0.8165 Sweden
92%
0.8453 Finland
91%
0.7780 Germany
91%
0.7463 United States
91%
0.8594 Iceland
90%
0.7464 Canada
88%
0.8025 Denmark
86%
0.7730 Netherlands
86%
0.7588 France
84%
0.7809 Belgium
82%
0.7772 New Zealand
76%
0.7850 Ireland
74%
0.7798 Switzerland
73%
0.7691 Latvia
49%
0.7527 South Africa
36%
0.7814 Philippines
26%
0.7854 Rwanda
18%
0.7894 Nicaragua
15%
0.7565 Burundi
8%
No matching quizzes found
Score Distribution
Percent of People with Each Score
Percentile by Number Answered
Your Score History
You have not taken this quiz since the last reset